Economics Quiz #1 - Statistics

General Stats
  • This quiz has been taken 101 times
  • The average score is 2 of 15
Answer Stats
Hint Answer % Correct
Who said "in the long run, we are all dead." John Maynard Keynes
58%
The __________ Revolution was sparked by a discovery made simultaneously by three economists in 1871. Marginal
34%
What does MMT stand for? Modern monetary theory
29%
What year was John Maynard Keynes' most famous work published? 1936
26%
If a company has a(n) ___________ ___________ over another company, they can produce more units of output using the same amount of input than their competitor. absolute advantage
23%
What was the title of John Maynard Keynes' most famous book? The General Theory of Employment, Interest, and Money
12%
Generally, when talking about an "_______ _____ curve," an economist is referring a situation in which the long term interest rate is lower than the short term interest rate, which is the opposite of how it usually goes. inverted yield
9%
A theory which Marx, Smith, Say, and Bastiat all believed in... Labor theory of value
8%
What are the exact words that most modern economists, especially Keynesians and MMT adherents, use to quote Say's Law? Supply creates its own demand.
7%
If a country has a comparative advantage over another country, they can produce a good at a lower _________ ___________ cost than the other country. marginal opportunity
5%
What year did Jean Baptiste Say publish his Treatise on Political Economy? 1803
3%
What rule states that if the 3-month moving average unemployment rate surpasses the trailing 12-month minimum unemployment rate by at least 0.5 percentage points, then the economy is officially in a recession? Sahm Rule
3%
What is the full title of Adam Smith's most famous book? An Inquiry Into the Nature and Causes of the Wealth of Nations
2%
A more accurate synopsis of Say's Law of Markets would be the following: In order possess the _________ ________ for a good or service, one must have produced and sold something himself first. effective demand
2%
Who were the three economists described in the question above? Carl Menger, William Stanley Jevons, Leon Walras
1%
No matching quizzes found
Score Distribution
Percent of People with Each Score
Percentile by Number Answered
Your Score History
You have not taken this quiz